Saint Seiya : Enigme Personnages #2 - Statistiques

Statistiques générales
  • Ce quiz a été pris 58 fois
  • Le résultat moyen est 8 sur 26
Statistiques - réponses
Indice Lettre Personnage % Correct
A est le maître de X A Shion
80%
Q est le principal espoir face à U et Y Q Tenma
54%
V est décrit comme étant le chevalier "savant" du Sanctuaire V Degel
52%
Z est le maître de A, P et X Z Hakurei
50%
X est un chevalier d'argent important X Yuzuriha
48%
U est le grand frère de O U Alone
43%
B est dans la même équipeque X et Q B Yato
43%
L et Z n'ont qu'un seul but, qui date de 200 ans L Sage
39%
O, par l'intermédiaire de J et d'un chevalier d'or tue G O Sasha
39%
J avec A et T ont permis d'entrer dans le Lost Canvas J Sisyphe
39%
E est l'ami de V et un des marinas de Poséidon E Unity
33%
Y a été doublé par U et a été vaincu par O, Q et U Y Hades
30%
D possède une puissance semblable aux Juges des Enfers D Kagaho
30%
F hait U, Q et O par dessus tout F Pandore
30%
T était le protecteur de O durant l'assaut du Lost Canvas T Regulus
28%
I est le gardien de la forêt de la mort I Veronica
28%
C est une princesse et est la sœur de E C Seraphina
24%
R est le bras droit d'un des Juges des Enfers R Violate
24%
H a reçu une malédiction de W mais a par la suiteété ressuscité par U H Aspros
22%
S est l'assistant de F S Cheshire
17%
M a été tué par F puis est revenue grâce à W M Partita
17%
N a triché à l'aide de sa technique fétichemais a quand même été vaincu par J N Pharaoh
17%
W a une haine viscérale envers les frères ainés W Yoma
17%
P est le petit frère de X qui a ensuite été ressuscité par U P Tokusa
15%
G a combattu et battu facilement B, Q et X G Oneiros
13%
K vit près du Sanctuaire et a survécu à la guerre grâce à un chevalier d'or K Agasha
11%
Aucun quiz correspondant
Distribution des résultats
% des personnes avec chaque résultat
Percentile par nombre de réponses
Votre historique - résultats
Vous n’avez pas pris ce quiz